Statistiques concernant Les 10 pays européens ayant le plus de touristes

Cliquez ici pour prendre le quiz!

Statistiques générales

  • Ce quiz a été pris 17 849 fois
    (14 432 depuis la dernière actualisation)
  • Le résultat moyen est 9 sur 10

Statistiques - réponses

# arrivéesPays% Correct
89,4 MFrance
100%
82,8 MEspagne
99%
62,1 MItalie
98%
38,9 MAllemagne
97%
36,3 MRoyaume-Uni
96%
22,8 MPortugal
91%
30,1 MGrèce
85%
24,6 MRussie
78%
19,6 MPologne
72%
30,8 MAutriche
69%

Distribution des résultats

Percentile par nombre de réponses

% des personnes avec chaque résultat

Votre développement - résultats

Vous n’avez pas pris ce quiz depuis la dernière actualisation